| 000 | 00700nam a2200253Ia 4500 | ||
|---|---|---|---|
| 003 | OSt | ||
| 005 | 20221005052025.0 | ||
| 006 | a|||||r|||| 00| 0 | ||
| 007 | ta | ||
| 008 | 221004b |||||||| |||| 00| 0 eng d | ||
| 020 | _a7011 1565 3 | ||
| 024 | _a48414 | ||
| 037 | _cTextual | ||
| 040 |
_aCRL _cCRL _beng |
||
| 041 |
_2eng _aeng |
||
| 082 | _aO111,3M28:g, L0 | ||
| 100 | _aPritchett V. S. | ||
| 245 | 0 |
_aGeorge Meredith and English comedy _b The Clark lectures for 1969 |
|
| 260 |
_aLondon _bChatto & Windus UK _c1970 |
||
| 300 |
_a127p. _ccm. |
||
| 650 | _aENGLISH LITERATURE | ||
| 942 |
_hO111,3M28:g, L0 _cTEXL _2cc |
||
| 999 |
_c959684 _d959684 |
||